Copa del Rey winners - Statistics

General Stats
  • This quiz has been taken 139 times
  • The average score is 102 of 119
Answer Stats
Year Team % Correct
1910 | 1912 | 1913 | +27 others FC Barcelona
100%
1974 | 1975 | 1982 | +4 others Real Madrid
99%
1960 | 1961 | 1965 | +7 others Atlético Madrid
97%
1941 | 1949 | 1954 | +5 others Valencia CF
97%
1977 | 2005 Real Betis
96%
1935 | 1939 | 1948 | +2 others Sevilla FC
94%
1903 | 1904 | 1910 | +20 others Athletic Bilbao
93%
1987 Real Sociedad
89%
1905 | 1906 | 1907 | +4 others Madrid CF
86%
1995 | 2002 Deportivo La Coruña
85%
1946 | 1947 | 1962 | +2 others Real Madrid CF
84%
2003 RCD Mallorca
67%
1964 | 1966 | 1986 | +3 others Real Zaragoza
66%
1937 Levante UD
34%
1929 | 1940 | 2000 | 2006 RCD Espanol
25%
1918 | 1924 | 1927 Real Unión
23%
1909 Club Ciclista
4%
1919 Arenas Club de Getxo
3%
1902 Bizcaya
3%
1913 Rácing de Irún
2%
No matching quizzes found
Score Distribution
Percent of People with Each Score
Percentile by Number Answered
Your Score History
You have not taken this quiz